| 000 | 00829nam a2200241 a 4500 | ||
|---|---|---|---|
| 001 | BRCA_6633 | ||
| 005 | 20190320205533.0 | ||
| 008 | 101011s18460850nyuab#####---#000-0#eng-# | ||
| 041 | _aeng | ||
| 044 | _anyu | ||
| 050 | 4 |
_aDP162 _b.P74 |
|
| 100 | 1 |
_aPrescott, William Hickling _d1796-1859 _98071 |
|
| 245 | 1 | 0 |
_aHistory of the reign of Ferdinand and Isabella, the Catholic _cWilliam H. Prescott. |
| 260 |
_aNueva York _bHarper _c1846-1850 |
||
| 300 |
_a3 v. _bil., mapas, retratos _c24 cm. |
||
| 500 | _aEstado físico: v.3 encuadernación desprendida | ||
| 500 | _aL124 | ||
| 600 | 1 | 4 |
_aFernando V el católico, Rey de España _d1452-1516 _916611 |
| 600 | 1 | 4 |
_aIsabel I la católica, Reina de España _d1451-1504 _916612 |
| 651 | 4 |
_aEspaña _xHistoria _yFernando e Isabel, 1479-1516. _916613 |
|
| 902 | _aGFM | ||
| 942 |
_2lcc _cB |
||
| 999 |
_c6317 _d6317 |
||